[Event "Dortmund SuperGM 26th"]
[Site "Dortmund"]
[Date "1998.07.03"]
[Round "7"]
[White "Shirov, Alexei"]
[Black "Beliavsky, Alexander G"]
[Result "1/2-1/2"]
[WhiteElo "2690"]
[BlackElo "2690"]
[Annotator "Mikhalchishin,A"]
[PlyCount "94"]
[EventDate "1998.06.26"]
[EventType "tourn"]
[EventRounds "9"]
[EventCountry "GER"]
[EventCategory "18"]
[SourceTitle "CBM 066"]
[Source "ChessBase"]
[SourceDate "1998.09.30"]
[SourceVersion "1"]
[SourceVersionDate "1998.09.30"]
[SourceQuality "1"]

1. e4 e5 2. Nf3 Nc6 3. Bb5 a6 4. Ba4 Nf6 5. O-O Be7 6. Re1 b5 7. Bb3 d6 8. c3
O-O 9. h3 Nb8 10. d4 Nbd7 11. a4 (11. Nbd2) 11... Rb8 $5 (11... c6 $5) 12. Nbd2
Bb7 (12... c5 $5) 13. Bc2 c5 (13... Re8 14. Bd3 $14) 14. Nf1 Re8 15. Ng3 Bf8
16. d5 (16. b3 $5 b4 $1 {<=>}) 16... c4 17. Bg5 h6 18. Be3 Nc5 19. Nd2 Bc8 (
19... g6 20. Qf3 Bg7) 20. Qf3 g6 21. Ra3 $14 Nfd7 (21... Bd7 22. axb5 axb5 23.
Rea1 $14) 22. Rea1 Qf6 $1 23. Qe2 $6 (23. Qxf6 Nxf6 24. axb5 axb5 25. Ra7 $14)
23... Nb6 24. axb5 axb5 25. Nf3 (25. Ra7 Re7 26. b4 cxb3 27. Nxb3 Nca4 $1 $13)
25... Nba4 26. R1a2 Bd7 27. Qd2 (27. Nh2 $5 {/\ Ng4}) 27... Bxh3 $1 28. Bxh6
Bg4 29. Bg5 (29. Bxf8 $2 Kxf8 30. Qh6+ Ke7 $1 {/\ Rh8}) 29... Qh8 30. Nh2 Bd7
31. Bd1 (31. f3 $5 {/\ Ng4}) 31... f6 32. Be3 Re7 $1 {<=>} 33. Bg4 Bxg4 34.
Nxg4 Qh4 35. Qe2 Rh7 (35... Nd3 36. Qf3 Rf7 37. b4 $1 $13) 36. Bxc5 $1 Nxc5 37.
Qf3 Be7 38. Ra8 Rxa8 39. Rxa8+ Kf7 40. Kf1 Nd3 41. Ne3 $2 (41. Ke2 $11 {>=})
41... Qf4 $2 (41... Nf4 {>=} 42. Ke1 Qh2 $17) 42. Ra7 Ke8 (42... Nxb2 43. Rb7
Na4 44. Rxb5 Nxc3 45. Rb4 $11) 43. Rb7 Rh2 $1 44. Ke2 $1 (44. Rxb5 $2 Qxf3 45.
gxf3 Rxf2+ $17) 44... Nc1+ 45. Kf1 (45. Kd2 $2 Qxf3 46. gxf3 Nd3 $17) 45... Nd3
46. Ke2 Nc1+ 47. Kf1 Nd3 1/2-1/2

[Event "World Women-ch k.o."]
[Site "Teheran"]
[Date "2017.02.22"]
[Round "4.1"]
[White "Muzychuk, Anna"]
[Black "Stefanova, Antoaneta"]
[Result "1-0"]
[WhiteElo "2558"]
[BlackElo "2512"]
[Annotator "Mikhalchishin,A"]
[PlyCount "77"]
[EventDate "2017.02.11"]
[EventType "k.o."]
[EventRounds "7"]
[EventCountry "IRI"]
[SourceTitle "CBM 177"]
[Source "ChessBase"]
[SourceDate "2017.03.16"]
[SourceVersion "1"]
[SourceVersionDate "2017.03.16"]
[SourceQuality "1"]
[TimeControl "6000+1250"]
[WhiteClock "0:01:42"]
[BlackClock "0:00:36"]

1. e4 e5 2. Nf3 Nc6 3. Bb5 a6 4. Ba4 Nf6 5. O-O Be7 6. Re1 b5 7. Bb3 d6 8. c3
O-O 9. h3 Nb8 10. d4 Nbd7 11. Nbd2 Bb7 12. Bc2 Re8 13. Nf1 Bf8 14. Bg5 {
This can be named the Lviv variation, as the man behind many of the ideas was
GM Oleg Romanishin, and other friends of his played it too! And Anna follows
her great predecessors! The variation has a great history.} h6 15. Bh4 Qc8 ({
The most direct way is} 15... g5 16. dxe5 (16. Bg3 exd4 17. Qxd4 Bg7 18. e5
dxe5 (18... Bxf3 $2 19. exf6 Bxf6 20. Qd3 $1 $18) 19. Nxe5 Nxe5 20. Bxe5 Qxd4
21. Bxd4 $11) 16... Nxe5 (16... dxe5 17. Bg3 Nh5 $2 18. Bxe5 $18) 17. Bg3 Ng6
$1 (17... Ned7 $6 18. N3d2 Bg7 19. Bh2 d5 20. e5 Ne4 21. Nf3 c5 22. Ne3 Nxe5 $8
23. Nxe5 Bxe5 24. Bxe5 Rxe5 25. Qh5 $44 (25. Ng4 $5) 25... Qf8 (25... Re6 $142
26. Rad1 Qf6) 26. f4 $1 {Romanishin,O-Kraidman,Y/Hastings 1976, with the
initiative.}) 18. N1d2 (18. N3d2 $5) 18... Nh5 19. Bh2 Nhf4 20. a4 $1 (20. Nd4
Qf6 21. Nf5 d5 $132) 20... Qf6 21. Nd4 (21. axb5 axb5 22. Rxa8 Bxa8 23. Nd4 b4
$11) 21... c5 22. Ne2 d5 $1 $11 {Mikhalchishin,A-Hemmasi - Vienna 1982}) (15...
c5 $6 16. dxe5 dxe5 17. N3h2 $1 Be7 18. Ne3 Nh7 $6 (18... g6 $142 $14) 19. Bxe7
Rxe7 (19... Qxe7 $2 20. Nf5 $18) 20. Nf5 {Romanishin,O-Gligoric,S/USSR -
Yugoslavia 1975. with pressure.}) (15... g6 16. a4 $5 (16. dxe5) (16. N1h2 Bg7
17. dxe5 dxe5 18. Ng4 g5 (18... Qe7) 19. Bg3 Nxg4 20. hxg4 Qe7 21. a4 c5 22.
Nd2 Nf6 23. Nf1 Qe6 24. f3 h5 25. gxh5 Nxh5 26. Bf2 Rad8 27. Qc1 Nf4 {Gashimov,
V (2733)-Navara,D (2708)/Reggio Emilia ) 2010 (28), the position is unclear.})
16... Bg7 17. d5 Qb8 18. Ne3 (18. axb5 axb5 19. Rxa8 Bxa8 $11) 18... c6 19.
dxc6 (19. axb5 axb5 20. Rxa8 Bxa8 21. dxc6 Bxc6 22. Nd2 Nh5 $11) 19... Bxc6 20.
axb5 (20. Nd2 Qc7 21. Qf3 Nh5 $11) 20... axb5 21. Rxa8 Bxa8 22. Nd2 b4 $6 (
22... Nh5 $142 $5 23. Ndf1 Nf4 24. Qd2 Bf8 $11) 23. c4 Nc5 (23... Rc8) 24. Bxf6
(24. f3 Rc8 25. Nb3 $14) 24... Bxf6 $11 25. Nb3 Rc8 (25... Qb6 $5) 26. Nxc5
Rxc5 27. Qd3 Ra5 (27... Bg5 $5 28. Ra1 Bxe3 29. Qxe3 Rxc4 30. Bb3 Rc5 31. Ra6
Rc6 $11) 28. Bb3 Bg5 {Vachier Lagrave,M (2798)-Buhmann,R (2653)/Dortmund 2016,
the position is equal.}) (15... Be7 16. Ng3 (16. Bg3 Bf8 17. dxe5 Nxe5 18. Nxe5
dxe5 19. Qf3 Nh7 20. Ne3 $146 (20. h4) 20... Ng5 21. Qg4 Bc8 22. Qe2 c6 23. a4
Rb8 24. axb5 axb5 25. Red1 Qc7 26. Ng4 (26. b4) 26... f6 27. Bb3+ Be6 28. Bxe6+
Nxe6 {Vachier-Lagrave,M (2721)-Beliavsky,A (2632)/Khanty-Mansiysk (ol) 2010,
with equal play.}) (16. a4 exd4 17. cxd4 c5 18. d5 $14) 16... g6 (16... Bf8 $5)
17. Qd2 Kg7 (17... Bf8 $5) 18. Rad1 Nh7 19. Bxe7 Qxe7 20. dxe5 Nxe5 21. Nd4 Qg5
{[#]} 22. Ngf5+ $1 gxf5 23. f4 {Gashimov,V (2719)-Carlsen,M (2826)/Nanjing
2010, with very unclear play.}) 16. dxe5 dxe5 17. N3d2 ({Another way was tried
previously:} 17. N3h2 c5 18. Qf3 Qc6 (18... a5 $5) (18... c4) 19. Rad1 c4 (
19... Qe6 20. c4 $5 (20. b3)) 20. Ne3 g6 21. Rd2 Be7 22. Red1 Qe6 23. Nhg4 Kg7
24. b3 $1 h5 $5 (24... Rad8 25. bxc4 Nxg4 26. Qxg4 Qxg4 27. hxg4 Bxh4 28. Rxd7
Rxd7 29. Rxd7 Bc8 30. Rc7 $16) 25. Nxf6 Nxf6 26. bxc4 bxc4 27. Bxf6+ Qxf6 28.
Qxf6+ Bxf6 29. Nxc4 {Romanishin,O-Spassky,B/Tilburg 1979 with advantage.})
17... Nh7 (17... Re6 18. Ne3 Nc5 19. Qf3 a5) 18. Ne3 Nc5 19. Nd5 a5 20. a4 $1 {
The usual active plan with a pawn.} bxa4 21. Bxa4 Nxa4 22. Qxa4 Re6 ({White
would keep a slight advantage after} 22... Bxd5 23. exd5 Qb7 24. Nc4 Qxd5 25.
Bg3 f6 26. Nxa5 Ng5 27. b4) 23. Nc4 Bc6 24. Qd1 ({It would be more logical to
reserve d1 for the rook:} 24. Qa2) 24... a4 25. Bg3 (25. Qg4 {was very sharp})
25... f6 26. b4 $5 {Sooner or later it is necessary to start play on the
queenside.} axb3 27. Rxa8 Bxa8 28. Qxb3 Ng5 29. Ra1 (29. f3 {is more solid.})
29... Bxd5 ({It was necessary to enter a risky variation with equality:} 29...
Nxe4 30. Nxc7 Qxc7 31. Rxa8 Qf7) 30. exd5 Re8 31. Ra7 ({Girls dont retreat!} 
31. Nd2) 31... Bc5 32. Rb7 Nxh3+ $5 ({The solid move} 32... Kh8 {was
preferable.}) 33. Kf1 Nf4 $2 ({The balance would be kept after the correct} 
33... Kh8 34. gxh3 Qxh3+ 35. Ke2 Qh5+ 36. Kd2 Qf3) 34. d6 $1 Qe6 35. dxc7 Nd5 (
{There is a crazy line which was losing, but it was worth trying:} 35... Qd5
36. Rb8 Qxg2+ 37. Ke1 Bxf2+ 38. Bxf2 Nd3+ 39. Kd1 Nxf2+ 40. Kd2 Ne4+ 41. Ke3)
36. Qb5 $1 {The decisive move.} Bf8 37. Nb6 Nxb6 38. Rxb6 Qg4 39. f3 1-0

[Event "Interpolis-03"]
[Site "Tilburg"]
[Date "1979.11.10"]
[Round "7"]
[White "Karpov, Anatoly"]
[Black "Kavalek, Lubomir"]
[Result "1/2-1/2"]
[WhiteElo "2705"]
[BlackElo "2590"]
[Annotator "Minic,D"]
[PlyCount "87"]
[EventDate "1979.11.01"]
[EventType "tourn"]
[EventRounds "11"]
[EventCountry "NED"]
[EventCategory "15"]
[SourceTitle "MCL"]
[Source "ChessBase"]
[SourceDate "1999.07.01"]
[SourceVersion "1"]
[SourceVersionDate "1999.07.01"]
[SourceQuality "1"]

1. e4 e5 2. Nf3 Nc6 3. Bb5 a6 4. Ba4 Nf6 5. O-O Be7 6. Re1 b5 7. Bb3 O-O 8. c3
d6 9. h3 Nb8 10. d4 Nbd7 11. Nbd2 Bb7 12. Bc2 Re8 13. Nf1 Bf8 14. Ng3 g6 15. a4
Bg7 $6 (15... c5 16. d5 (16. Be3 exd4 (16... Qc7 17. Qd2 cxd4 18. cxd4 Nb6 $10)
17. cxd4 Bxe4 $1 (17... Nxe4 18. Bxe4 (18. Nxe4 Bxe4 19. Bg5 Bxf3 20. Bxd8 Bxd1
21. Rxe8 Bxc2 $17) 18... Bxe4 19. Bg5 $16) 18. Nxe4 Nxe4 19. Bxe4 Rxe4 20. dxc5
Nxc5 21. Qd5 Re8 (21... bxa4 $10 {Sax-Ivanchuk/Manila izt/990.}) 22. axb5 axb5
23. b4 Ne6 24. Rxa8 $10 {Sax-Beliavsky/Reykjavik/1988}) 16... Qc7 (16... c4 17.
Be3 (17. Bg5) 17... Nc5 18. Qe2 (18. Qd2 Nfd7 19. h4 h5 20. Ng5 Qe7 $10) 18...
Nfd7 (18... Qc7 19. Ra3 (19. Nd2 $5) 19... Bg7 20. Rea1 Rec8 21. Nd2 Qd8 22.
R1a2 Nfd7 $10) 19. Nd2 Qc7 20. Ra3 Nb6 21. axb5 axb5 $10) (16... Nb6 17. Qe2
Nxa4 $14) (16... Bg7 17. b4 (17. c4 Nb6 18. Nd2 bxa4 19. Bxa4 Nxa4 20. Qxa4 Nd7
21. Ndf1 a5 $13 {Dvoiris-Georgadze/USR-ch/1989}) (17. Bg5 h6 18. Bd2 Nb6 $13)
17... cxb4 18. cxb4 Nb6 19. a5 Nc4 20. Bd3 Rc8 21. Ra2 Re7 (21... Rf8 {
Karpov-Portisch/Madrid/1973.} 22. Rc2 Ne8 23. Qe2 Kh8 24. Bxc4 bxc4 25. Rxc4
Rxc4 26. Qxc4 Nc7 $44) 22. Rc2 Rec7 $13) 17. Be3 c4 18. Qd2 Nc5 19. Ra3 Nfd7
20. Rea1 Bg7 21. Bh6 Bh8 22. Nh2 Nb6 23. axb5 axb5 24. Rxa8 Rxa8 25. Rf1 Qe7
$13) (15... exd4 16. cxd4 c5 17. d5 Bg7 18. Bf4 Qc7 19. Rc1 Nb6 20. b3 bxa4 21.
b4 Nfd7 22. Bxa4) 16. Bd3 $1 (16. d5 Qe7 17. b3 c6 18. c4 $16) 16... c6 17. Bg5
{/\Dd2} h6 18. Bd2 Kh7 (18... d5 $2 19. exd5 Nxd5 20. dxe5 {><h6}) 19. Qc2 {
/\b4, c4} d5 $6 (19... Qb6) 20. exd5 Nxd5 21. h4 $1 $16 {/\h5} exd4 22. h5 Ne7
(22... Qf6 23. cxd4 $16) 23. cxd4 c5 (23... Nf8 24. Ne5 $16) 24. Nh4 Nf8 25.
dxc5 Qd4 26. hxg6+ fxg6 27. Rxe7 $2 (27. c6 $1 Bxc6 (27... Bc8 28. Rxe7 Rxe7
29. Nxg6 $18) (27... Rac8 28. Rxe7 Rxe7 29. Nxg6 Nxg6 30. Bxg6+ Kh8 31. cxb7
$18) 28. Rxe7 Rxe7 29. Bxg6+ Nxg6 30. Qxg6+ Kg8 (30... Kh8 31. Qxc6 {/\32.Sg6})
31. Nhf5 $18) 27... Rxe7 28. Nxg6 Nxg6 29. Bxg6+ Kh8 30. c6 (30. Nf5 Qg4) 30...
Bxc6 $1 (30... Bc8 31. axb5 $18) 31. Qxc6 Rf8 32. Be3 (32. Bc3 Qxf2+ 33. Kh2
Qf4 34. Rf1 Qh4+ 35. Kg1 Bd4+ $10) 32... Rxe3 $1 33. fxe3 Qxe3+ 34. Kh2 Be5 35.
Ra3 Qg5 (35... Bxg3+ $2 36. Kh3 $18) 36. Kh3 (36. Qe4 $5 Rf4 37. Qa8+ Kg7 38.
Nh5+ Qxh5+ (38... Kxg6 39. Nxf4+ Bxf4+ 40. g3 Qh5+ 41. Kg1 Qd1+ 42. Kf2 Qd2+
43. Kf3 $18) 39. Bxh5 Rf8+ 40. Kh3 Rxa8 41. axb5 a5 $14) 36... Rg8 37. Ne4 Qxg6
38. Qxg6 Rxg6 39. axb5 axb5 40. Rb3 Rb6 41. Kg4 b4 42. Kf3 Bg7 43. g3 Kh7 44.
Nc5 1/2-1/2

[Event "Tata Steel-A 73rd"]
[Site "Wijk aan Zee"]
[Date "2011.01.20"]
[Round "5"]
[White "Smeets, Jan"]
[Black "Anand, Viswanathan"]
[Result "0-1"]
[WhiteElo "2662"]
[BlackElo "2810"]
[Annotator "Moradiabadi,E"]
[PlyCount "130"]
[EventDate "2011.01.14"]
[EventType "tourn"]
[EventRounds "13"]
[EventCountry "NED"]
[EventCategory "20"]
[SourceTitle "CBM 141"]
[Source "ChessBase"]
[SourceDate "2011.03.17"]
[SourceVersion "1"]
[SourceVersionDate "2011.03.17"]
[SourceQuality "1"]

1. e4 e5 2. Nf3 Nc6 3. Bb5 a6 4. Ba4 Nf6 5. O-O Be7 6. Re1 b5 7. Bb3 d6 8. c3
O-O 9. h3 Nb8 {Known as the Breyer. It usually considered among the safest
lines in the Ruy Lopez for Black specially in comparison to the Zaitsev and
the classical Chigorin.} 10. d4 Nbd7 11. Nbd2 Bb7 12. Bc2 Re8 13. Nf1 Bf8 14.
Bg5 {Not the most common one. 14.Ng3 is the main alternative.} (14. Ng3 g6 {
leads to a rich position in which a lot of territory has so far remained
unexplored.}) 14... h6 15. Bh4 c5 $5 (15... g6 {is the safest continuation} 16.
N1h2 Qc8 (16... Bg7 17. dxe5 dxe5 18. Ng4 Qe7 19. Qd2 g5 20. Nxf6+ Nxf6 21. Bg3
Nh5 22. a4 c5 23. Nh2 c4 24. Nf1 Nf4 25. axb5 axb5 26. Rxa8 Rxa8 27. Rd1 Bf6
28. Ne3 Rd8 29. Nf5 Qf8 30. Qe1 Bc8 31. Rxd8 Bxd8 32. Bxf4 gxf4 33. Qd1 Bxf5
34. exf5 Bf6 35. Be4 Qc5 36. Kf1 Kf8 37. Qd5 Qxd5 38. Bxd5 Be7 39. Ke2 Kg7 40.
Kf3 Kf6 41. Ke4 Bc5 42. Bc6 b4 43. f3 bxc3 44. bxc3 Bf2 45. Kd5 Kxf5 46. Kxc4
Ke6 47. Bd5+ Ke7 48. Kb5 f6 49. Kc6 h5 50. c4 h4 51. Bg8 Be3 52. Kd5 Bf2 53. c5
Kd7 54. Be6+ Kc7 55. Bf5 Be3 56. c6 Bf2 57. Be4 Be1 58. Ke6 Bf2 59. Kxf6 Kd6
60. Kf5 Bg3 61. c7 Kxc7 62. Kxe5 {1/2-1/2 Gashimov,V (2734)-Svidler,P (2735)/
Astrakhan 2010/CBM 137}) 17. dxe5 dxe5 18. a4 Bg7 19. axb5 axb5 20. Qe2 Bc6 21.
Ng4 Nxg4 22. hxg4 Nc5 23. Qe3 Rxa1 24. Rxa1 Ne6 25. Bg3 f6 26. b4 Kh7 27. Nd2
Rd8 28. Nb3 Be8 $14 {1/2-1/2 Filippov,A (2620)-Sasikiran,K (2688)/Guangzhou
2010/EXT 2011}) 16. dxe5 dxe5 17. a4 $146 {To my surprise, this very natural
move is a novelty. However, I am strongly doubtful about its strength.} (17.
N3h2 {is what has been examined, though in general, Black has no problem to
keep the balance.} Qc7 (17... Be7 $6 18. Ne3 Nh7 19. Bxe7 Rxe7 20. Nf5 $14 {
1-0 Romanishin,O (2485)-Gligoric,S (2575)/Odessa 1975/MCD (55)}) (17... Qb6 18.
Qf3 Re6 19. Ne3 c4 20. Nhg4 Nxg4 21. hxg4 Nf6 22. Rad1 Rae8 23. b3 cxb3 24.
axb3 Qc5 25. Nf5 Qc6 26. b4 g6 27. Nxh6+ Bxh6 28. g5 Bg7 29. gxf6 Bxf6 30. Bxf6
Rxf6 31. Qe3 Qb6 32. Bb3 Bc8 33. Rd5 Qxe3 34. Rxe3 Kf8 35. Rc5 Rd6 36. Rg3 Be6
37. Bxe6 Rexe6 38. Rg5 Rd1+ 39. Kh2 Rd3 40. Rg3 Rdd6 41. Rf3 {1/2-1/2 Psakhis,
L (2580)-Abramovic,B (2475)/Tallinn 1983/MCD}) 18. Qf3 Re6 19. Ne3 c4 20. Nhg4
Nxg4 21. hxg4 Rae8 22. Red1 Nc5 23. Rd2 Rd6 24. Rad1 Ne6 25. Rxd6 Bxd6 26. a4
Bf8 27. axb5 axb5 28. Nd5 Bxd5 29. Rxd5 Nf4 30. Rxb5 Rb8 31. Ba4 Ra8 32. b3
cxb3 33. Bxb3 Ra1+ 34. Kh2 Rc1 35. Qe3 Rxc3 36. Qb6 Qxb6 37. Rxb6 g5 38. Bg3
Rc7 39. Rb5 Bd6 40. f3 Kg7 41. Bf2 Kf6 {1/2-1/2 Tal,M (2615)-Smejkal,J (2615)/
Biel 1976/IZT}) 17... c4 18. N3h2 Re6 (18... g5 $5 19. Bg3 Nc5 20. Qf3 Qd6 21.
Ng4 Nxg4 22. hxg4 $13 {In return for his weakened kingside, Black can outplay
White's dark-squared bishop. Although this is not of very much interest to the
mind of a human player!}) 19. Qf3 Qb6 20. Ng4 Be7 21. Nxf6+ Bxf6 22. Bg3 Bg5
23. Ne3 Bxe3 24. Qxe3 Qxe3 25. Rxe3 Nc5 26. f3 Rd8 27. Re2 Bc6 28. axb5 Bxb5 $5
{Anand was definitely playing for a win. He has an eye on d3 and is trying to
activate his pieces to compensate for his broken pawn chain.} 29. Bf2 Nd3 30.
Rd2 Rc8 31. Bb1 (31. b4 {could let White get rid of his weak b2-pawn}) 31...
Rd6 32. Be3 Rcc6 33. Bxd3 cxd3 34. Kf2 Rd7 35. Rdd1 Rb7 36. Ra5 f6 37. Ke1 Bc4
38. b4 Bb5 39. Kd2 h5 40. Bc5 Kf7 41. Rc1 Bc4 42. Be3 Bb5 43. Bc5 Rxc5 $5 {
Anand tries to complicate things, even though the evaluation of the position
remains the same.} 44. bxc5 Bc4 45. Rd1 Rb2+ 46. Kc1 Rc2+ 47. Kb1 Ke7 48. c6
Kd8 49. Ra4 Bb5 50. Ra2 Kc7 51. c4 (51. Rxc2 $4 dxc2+ 52. Kxc2 Ba4+ 53. Kd2
Bxd1 54. Kxd1 h4 $19 {[%csl Ga6] and Black's remote passer would decide the
game.}) 51... Rxc4 52. Rc1 Rd4 53. Rd2 Ba4 54. Rc5 Bc2+ 55. Kb2 Rd6 56. Kc3 h4
57. g3 $4 {Unbelievable! I cannot really find an explanation for this blunder!}
(57. Rf2 Rxc6 58. Rxc6+ Kxc6 59. Rf1 a5 60. Ra1 a4 61. Ra2 {and White is just
on time to construct a fortress.}) 57... hxg3 58. h4 (58. Rg2 d2 59. Rxd2 Rxd2
60. Kxd2 g2 $19 {[%csl Gg2]}) 58... g6 59. Rd5 Rxc6+ 60. Kb2 Rb6+ 61. Kc3 Rb3+
62. Kc4 Rb1 63. Rg2 Bb3+ 64. Kxd3 Bxd5 65. exd5 Rb3+ 0-1

[Event "OHRA-A"]
[Site "Amsterdam"]
[Date "1984.07.20"]
[Round "4"]
[White "Campora, Daniel Hugo"]
[Black "Van der Sterren, Paul"]
[Result "1-0"]
[WhiteElo "2480"]
[BlackElo "2475"]
[Annotator "Notkin,M"]
[PlyCount "101"]
[EventDate "1984.07.17"]
[EventType "swiss"]
[EventRounds "9"]
[EventCountry "NED"]
[SourceTitle "MCL"]
[Source "ChessBase"]
[SourceDate "1999.07.01"]
[SourceVersion "1"]
[SourceVersionDate "1999.07.01"]
[SourceQuality "1"]

1. e4 e5 2. Nf3 Nc6 3. Bb5 a6 4. Ba4 Nf6 5. O-O Be7 6. Re1 b5 7. Bb3 d6 8. c3
O-O 9. h3 Nb8 10. d4 Nbd7 11. Nbd2 Bb7 12. Bc2 Re8 13. b3 Bf8 14. d5 c6 15. c4
Qc7 16. Nf1 Rac8 $6 (16... Rec8 17. Ne3 g6 (17... bxc4 18. bxc4 Nc5 19. Nd2
cxd5 20. cxd5 a5 21. a4 Ba6 22. Ra3 $16 {Ermenkov,E-Smejkal,J/Thessaloniki/
1984/1:0/54/}) 18. Nh2 $1 h5 $6 19. Nhf1 a5 20. Bd2 Bg7 21. Rc1 bxc4 22. bxc4
Nc5 23. Qf3 Qd8 24. Ng3 $16 {Ljubojevic,L-Beliavsky,A/Reykjavik/1991/0,5/61/})
17. Ne3 g6 18. Bd2 $2 (18. Nh2 $1) 18... bxc4 $2 (18... Nc5 19. Ng4 Nxg4 20.
hxg4 cxd5 21. cxd5 Na4 $1 $10) 19. bxc4 Bg7 $6 (19... cxd5 20. cxd5 a5 21. Rc1
Nc5 22. Ng4 $14) 20. Bb4 cxd5 $2 (20... Nc5 $14) 21. cxd5 a5 22. Ba3 Nc5 23.
Nd2 $16 Qd8 $2 (23... Ba6 24. Rc1 Red8 $16) 24. Nec4 Ba6 25. Ba4 $1 Nxa4 (25...
Re7 26. Bc6 Bxc4 27. Nxc4 Ncxe4 28. Qc2 Nc5 29. Nxd6 $18) 26. Qxa4 Bh6 $8 27.
Rad1 Bxd2 28. Nxd2 $18 Nh5 (28... Qb6 29. Rb1) (28... Re7 29. Rc1 Ne8 30. Nb3)
29. g3 Bd3 (29... Qg5 30. Nf3 Qf6 31. Kg2) (29... f5 $5 30. exf5 gxf5 31. Rc1
Rb8 (31... e4 32. Qd4 {/\Bb2/}) 32. Rc3 $18) 30. Rc1 Qb6 (30... Nxg3 31. Rxc8
$1 Qxc8 32. fxg3 $18) 31. Rc6 $1 Rxc6 32. Qxc6 Qxc6 33. dxc6 Rc8 34. Rc1 Nf6 (
34... Bb5 35. c7 Ng7 36. Bxd6 f6 37. f4 $18) 35. Bxd6 Nxe4 36. Nxe4 Bxe4 37. c7
f6 38. Rc5 a4 39. Rc4 Bf5 40. Rxa4 Kf7 (40... Bxh3 41. f4 exf4 42. Rxf4 Kf7 43.
Rb4 $18) 41. g4 Bd3 42. Rb4 Ke6 43. Rb6 Kd7 44. f4 e4 45. Kf2 Bb5 46. f5 Bc6
47. Rb8 gxf5 48. gxf5 Ba4 49. Ke3 Bc6 50. Bf4 h5 51. h4 (51. h4 Bd5 52. a4 {
/\a5-a6-a7,Kd4-c5,Rc8,Kd6+-/}) 1-0

[Event "RUS-Cup01 Chigorin Memorial"]
[Site "St Petersburg"]
[Date "1996.??.??"]
[Round "6"]
[White "Bologan, Viktor"]
[Black "Balashov, Yuri S"]
[Result "1/2-1/2"]
[WhiteElo "2600"]
[BlackElo "2530"]
[Annotator "Notkin,M"]
[PlyCount "140"]
[EventDate "1996.11.??"]
[EventType "swiss"]
[EventRounds "9"]
[EventCountry "RUS"]
[SourceTitle "CBM 056 Extra"]
[Source "ChessBase"]
[SourceDate "1997.03.01"]
[SourceVersion "1"]
[SourceVersionDate "1997.03.01"]
[SourceQuality "1"]

1. e4 e5 2. Nf3 Nc6 3. Bb5 a6 4. Ba4 Nf6 5. O-O Be7 6. Re1 b5 7. Bb3 d6 8. c3
O-O 9. h3 Nb8 10. d4 Nbd7 11. Nbd2 Bb7 12. Bc2 Re8 13. Nf1 Bf8 14. Ng3 g6 15.
a4 c5 16. d5 Nb6 17. a5 (17. Qe2 Nxa4 18. Bxa4 bxa4 19. Rxa4 Bc8 (19... Nd7 20.
Ra3 Nb6 21. Nh2 Bg7 22. Ng4 Bc8 $14 {Torre,E-Gligoric,S/Bad Lauterberg/1977/0:
1/55/}) (19... Bg7 20. c4 Bc8 21. Bd2 Rb8 22. Rb1 Re7 23. Ne1 Reb7 24. Nd3 Rb3
25. Rba1 Ne8 26. Bc3 $14 {Karpov,A-Gligoric,S/Milan/1975/1:0/50/}) 20. b3 Rb8
21. Ra3 Re7 22. c4 Reb7 23. Qc2 Ne8 24. Bd2 Ng7 $10 {Karpov,A-Smejkal,J/Moscow/
1977/1:0/52/}) 17... Nc4 (17... Nbd7 18. b3 Bg7 19. Be3 Qe7 20. Qd2 Kh8 21. Bg5
Qf8 22. Rf1 Ng8 23. Rae1 Bh6 24. c4 {Mikhalchishin,A-Arbakov,V/Budapest/1990/0,
5/24/}) 18. b3 $5 (18. b4 cxb4 19. cxb4 Rc8 20. Bd3 Bg7 21. Ra2 Rf8 22. Rc2 Qd7
$13 {Karpov,A-Portisch,L/Madrid/1973/0,5/50/}) 18... Nxa5 19. Bg5 Bg7 (19...
Be7 20. Ra2 c4 21. b4 Nb3 22. Bxf6 (22. Bxb3 cxb3 23. Qxb3 Nxd5 $17) (22. Bh6
a5 23. Bxb3 cxb3 24. Qxb3 a4 $13) 22... Bxf6 23. Bxb3 cxb3 24. Qxb3 Qc7 $10)
20. Ra2 c4 21. b4 Nb3 22. Bxb3 cxb3 23. Qxb3 h6 24. Be3 Rf8 25. Nd2 Ne8 26. f3
f5 27. Bf2 Nc7 (27... f4 28. Ngf1 Bf6 29. c4 $16) 28. c4 fxe4 $1 (28... bxc4
29. Nxc4 Nb5 30. Qd3 $14 fxe4 $140 31. Nxe4) 29. Ngxe4 (29. fxe4 bxc4 30. Nxc4
Nb5 31. Na5 Bc8 32. Nc6 Qg5 $13) 29... bxc4 30. Nxc4 Bxd5 31. Rd1 Kh7 (31...
Bxc4 32. Qxc4+ d5 33. Qc6 Qe8 34. Qxc7 dxe4 35. fxe4 $14) 32. Bb6 Bxe4 33. fxe4
Qe7 34. Bxc7 (34. Nxd6 Ne6 {/\Nd4/}) 34... Qxc7 35. Rxd6 Rac8 36. Rc2 Qa7+ 37.
Qe3 Rf7 (37... Qxe3+ 38. Nxe3 Rxc2 39. Nxc2 Rc8 40. Ne3 $16) 38. Qxa7 Rxa7 39.
Ne3 Rxc2 40. Nxc2 Bf8 41. Rc6 (41. Rb6 a5) 41... Rb7 42. Rc4 Kg7 43. Kf2 Kf7
44. Ke2 Ke6 45. Kd3 (45. Rc6+ Kf7) 45... Kd7 46. Kc3 Bd6 47. Na1 h5 48. Nc2 Rb8
49. Ne3 Rb5 50. Nd5 Rb7 (50... a5 $10) 51. Kd3 Rb8 52. Rc2 $5 Bxb4 53. Rc7+ Kd6
54. Rg7 Be1 $1 55. Rxg6+ Kc5 56. Rxa6 (56. Rg5 Rb3+ 57. Kc2 (57. Ke2 Bg3 58.
Rxh5 a5 $15) 57... Rg3 $10) 56... Rb3+ 57. Ke2 Bg3 58. Ra5+ Kd4 59. Ra4+ Kc5
60. Ne3 Bf4 61. Nd1 (61. Nf5 Rb2+ 62. Kf3 Rb3+ $10) 61... h4 62. Ra8 Kd4 63.
Ra4+ Kc5 64. Ke1 Rb1 65. Ra8 Kd4 66. Ke2 Rb3 (66... Kxe4 $4 67. Nc3+) 67. Nf2
Re3+ 68. Kd1 (68. Kf1 Bg3) 68... Rg3 69. Ra4+ Kc3 (69... Kc5 70. Ra2 Kd4 $10) (
69... Ke3 $2 70. Ng4+) 70. Ra3+ Kd4 1/2-1/2